00465cam a2200169ua 45000010005000000080039000050200018000440400009000620410008000710820008000791000025000872450110001122500009002222600030002313000014002616530020002757012141119n ii |||gr||||Z||||||eng a9780198081739 cMAIN aeng a320 aPai, Sudha,eEditor.1 aHandbook of politics in Indian states : bRegions,parties and economic reforms / cEdited by Sudha Pai .  a1st. aNewDelhi:bOxford,c2013. axix,443p. aIndian politics